| 000 | 00508cam a22001577a 4500 | ||
|---|---|---|---|
| 008 | 180718b1999 xxu||||| |||| 00| 0 eng d | ||
| 082 | _aAPPPA 98-99 GUP/10 | ||
| 100 | _aGupta, K.K. | ||
| 245 |
_aEfficient governance and corruption _cby K.K. Gupta |
||
| 260 |
_aNew Delhi _bIndian Institute of Public Administration _c1999 |
||
| 300 | _a87p. | ||
| 500 | _aAn APPPA M.Phil. dissertation, 1998-99 (Guide: Shekhar Singh) | ||
| 650 | _aCivil service | ||
| 650 | _aCorruption | ||
| 650 | _aCorporate governanace | ||
| 999 |
_c486883 _d486883 |
||